Gestaltungsfreiheit in Gesellschaftsvertragen

Αποθηκεύτηκε σε:
Λεπτομέρειες βιβλιογραφικής εγγραφής
Κύριος συγγραφέας: Teichmann, Arndt
Μορφή: Βιβλίο
Γλώσσα:German
Δημοσίευση: Munchen : Beck, 1970
Θέματα:
Ετικέτες: Προσθήκη ετικέτας
Δεν υπάρχουν, Καταχωρήστε ετικέτα πρώτοι!

MARC

LEADER 00000cam a2200000 i 4500
001 1/35259
008 061009s1970 ger d
035 |l 10085475 
040 |a GR-MY-UA  |b gre  |e aacr 
041 0 |a ger 
082 0 |a 346.066  |2 (22) 
100 1 |a Teichmann, Arndt. 
245 1 0 |a Gestaltungsfreiheit in Gesellschaftsvertragen /  |c Arndt Teichmann 
260 |a Munchen :   |b Beck,   |c 1970 
300 |a ix,274 σ.;  |c 24 εκ. 
504 |a Περιλαμβάνει βιβλιογραφία και ευρετήριο 
650 0 0 |a Articles of incorporation. 
650 0 0 |a Corporation law. 
650 0 0 |a Articles of partnership. 
852 |a INST  |b CHIOS  |e 20061009  |h 346.066 TEI  |p 005200027080  |q 005200027080  |t BK  |y 0 
901 |a BIBL2-2006-3 
909 |a Χ  |b 120231 
970 |a ΒΑΣΙΛΑΚΗ  |b ΝΙΚΗ  |z 2006/10/09